000 00433nam a2200193Ia 4500
008 240510s9999 xx 000 0 und d
020 _a0008130900491
041 _aEng
082 _a658.4
082 _bD35
100 _aDinkar
245 0 _aStrategic Planning in Information Technology
260 _bNew Delhi :Viva Books
260 _c2005
300 _a286 p.
650 _aManagement
942 _2ddc
942 _cRBK
999 _c27818
_d27818
945 _a1
_bMadushi Gamage
_c1
_dMadushi Gamage